000
00334nam a22001457a 4500
008
230418b ||||| |||| 00| 0 eng d
020
_a
9789004349001
041
_a
eng
080
_2
VOLUME126
_a
94
082
_a
94
100
_a
28
101
_a
HISTORI
245
_a
HOW LABOUR BUILT NEOLIBERALISIM
_c
HUMPHRYS E
942
_2
udc
_c
BK
999
_c
59566
_d
59566